Lieblingsessen der Deutschen - Statistiken

Allgemein
  • Dieses Quiz wurde 674 mal gespielt
  • Das Durchschnittsergebnis liegt bei 3 aus 10
Antwortstatistiken
Rang Gericht % Korrekt
4 Pizza
83%
3 Schnitzel
79%
1 Spaghetti Bolognese
40%
9 Steak
34%
8 Lasagne
30%
7 Sauerbraten
16%
5 Rouladen
14%
6 Spargel
9%
10 Nudelauflauf
7%
2 Spaghetti mit Tomatensauce
4%
Keine übereinstimmenden Quizze gefunden
Verteilung der Resultate
Anzahl Personen mit jedem Resultat
Perzentil nach korrekt beantworteten Fragen
Ihre Resultats-Entwicklung
Sie haben dieses Quiz noch nicht gespielt